000 00499nam a2200181Ia 4500
005 20250508151014.0
008 008 250505s9999 xx 000 0 eng d
037 _aTextual
040 _aFEDL
_beng
_cFEDL
041 _aeng
_2eng
084 _a808, CAU
_qFEDL
100 _aCaudwell H
_951611
245 0 _aCreative impulse in writing and painting
260 _aLondon, UK
_bMacmillan and Co Ltd
_c1951
300 _ax,162p
942 _cTEXL
_h808, CAU
999 _c1327002
_d1327002